Datum a čas kvízu
24.5
Celkem bodů
Celkový počet nahraných bodů na tomto kvízu bez doplňovacích otázek.
4.
Pořadí na kvízu
Konečné umístění týmu na tomto kvízu.
Zaznamenané odpovědi
| # | Otázka | Odpověď | Body | Výsledky |
|---|---|---|---|---|
| 1. | Český premiér jednal ve středu... | 0 | ||
| 2. | Kanadská vláda se minulou stře... | 0 | ||
| 3. | Česká vláda prohlásila pražsko... | 0 | ||
| 4. | Česká národní banka začala min... | 1 | ||
| 5. | Nadnárodní výrobce sportovního... | 1 | ||
| 6. | V tomto tématu Vás čeká pět vý... | 0 | ||
| 7. | S Bulharskem nesousedí: | 0 | ||
| 8. | Z níže vypsaných děl vyberte j... | 0 | ||
| 9. | Které z těchto zvířat je sudo... | 1 | ||
| 10. | Které z těchto příjmení je v... | 0 |